00684nam a22001937a 450000500170000001000150001702000260003203500140005803700090007208200120008110000280009324500600012126000360018127000470021730000210026494200260028599900190031195201600033020260122112743.0 aENG-147640 a9788199394841c495.00 aEN-131172 bDBAD a363.960 aSreedhar, Cijith986788 aNaturally Your Journey to Good Health/cCijith Sreedhar aMumbaibPopular Prakashanc2025 a301, Bhulabhai Desai Road,bMumbaie400026 a215p.:c22cm(pb) 2ddccENh363.960mSRE c214443d214443 001040718NFICaDBADbDBADd2026-01-22eDelivery of Books Act Divisiong495.00l0o363.960 SREpEN-131172r2026-01-22 00:00:00t1v495.00w2026-01-22yEN